| 000 | 00463nam a2200169 i 4500 | ||
|---|---|---|---|
| 001 | bgj | ||
| 100 | 1 | _aBANULS, Andre | |
| 245 | 1 | 0 |
_aHeinrich Mann : _bLe poete el la politique / _cAndre Banuls. |
| 260 |
_aParis : _bLibrairie C. Klincksieck, _c1966. |
||
| 300 |
_a710, [30] S. : _bIll. ; _c24 cm. |
||
| 505 | _aIndex. | ||
| 600 | 1 | 9 | _aMann, Heinrich, 1871-1950 |
| 040 | _cBPK | ||
| 041 | 0 |
_afre _hger |
|
| 942 | _cKS | ||
| 008 | s1966 fr f |000 0 fre | ||
| 999 |
_c50738 _d50738 |
||
| 856 |
_uhttp://koha.tu.koszalin.pl/cgi-bin/koha/opac-detail.pl?biblionumber=50738 _yKatalog online BPK |
||